The management of operations

Αποθηκεύτηκε σε:
Λεπτομέρειες βιβλιογραφικής εγγραφής
Κύριος συγγραφέας: Meredith, Jack R.
Μορφή: Βιβλίο
Γλώσσα:Undetermined
Έκδοση: New York John Wiley & Sons 1987
Θέματα:
Ετικέτες: Προσθήκη ετικέτας
Δεν υπάρχουν, Καταχωρήστε ετικέτα πρώτοι!
Thư viện lưu trữ: Trung tâm Học liệu Trường Đại học Cần Thơ
LEADER 00457nam a2200169Ia 4500
001 CTU_78402
008 210402s9999 xx 000 0 und d
082 |a 658.5 
082 |b M553 
100 |a Meredith, Jack R. 
245 4 |a The management of operations 
245 0 |c Jack R. Meredith 
260 |a New York 
260 |b John Wiley & Sons 
260 |c 1987 
650 |a Production management 
980 |a Trung tâm Học liệu Trường Đại học Cần Thơ